Normal view
MARC view
- تاليف وليامز، رايمود؛ ترجمة سمعان، وجية؛ مراجعة فتحي، محمد
Entry Personal Name
001 - CONTROL NUMBER
- control field: 41610
003 - CONTROL NUMBER IDENTIFIER
- control field: JO-AjAnu
005 - DATE AND TIME OF LATEST TRANSACTION
- control field: 20230606080917.0
008 - FIXED-LENGTH DATA ELEMENTS
- fixed length control field: 230606|| aca||aabn | a|a d
040 ## - CATALOGING SOURCE
- Original cataloging agency: JO-AjAnu
- Transcribing agency: JO-AjAnu
100 ## - HEADING--PERSONAL NAME
- Personal name: تاليف وليامز، رايمود؛ ترجمة سمعان، وجية؛ مراجعة فتحي، محمد
670 ## - SOURCE DATA FOUND
- Source citation: Work cat.: (JO-AjAnu)21321: تاليف وليامز، رايمود؛ ترجمة سمعان، وجية؛ مراجعة فتحي، محمد, author, الثقافة والمجتمع 1780-1950